Radosť sa spoľahnúť Quo vadis, finančné poradenstvo?
Vymedzenie pojmu finančné poradenstvo. Ciele finančného poradenstva. Zmena myslenia ľudí a finančné poradenstvo. Finančný poradca, jeho vlastnosti. Profesionalizácia finančného poradenstva.
Na minha lista:
| Autor principal: | |
|---|---|
| Formato: | Capítulo de Livro |
| Idioma: | eslovaco |
| Assuntos: | |
| Tags: |
Sem tags, seja o primeiro a adicionar uma tag!
|
MARC
| LEADER | 00000naa$a2200000$$$4500 | ||
|---|---|---|---|
| 001 | 0039713 | ||
| 005 | 20231019083941.3 | ||
| 041 | 0 | |a slo | |
| 044 | |a SK | ||
| 245 | 1 | 0 | |a Radosť sa spoľahnúť |b Quo vadis, finančné poradenstvo? |c Emil Zuzík |
| 520 | |a Vymedzenie pojmu finančné poradenstvo. Ciele finančného poradenstva. Zmena myslenia ľudí a finančné poradenstvo. Finančný poradca, jeho vlastnosti. Profesionalizácia finančného poradenstva. | ||
| 610 | 2 | 0 | |a poradenstvo finančné |
| 610 | 2 | 0 | |a pojmy |
| 610 | 2 | 0 | |a služby poradenské |
| 610 | 2 | 0 | |a poradcovia finanční |
| 610 | 2 | 0 | |a financie podnikové |
| 100 | 1 | |a Zuzík, Emil | |